History Quiz

Random History or Famous Quiz

Justifying the Means: History Quiz Stats

 Plays Quiz Updated Mar 15, 2012

Challenge
Share
Tweet
Embed
Score 0/21 Timer 05:00
5 Plays Today
'Bad' Act(s) Person % Correct
Stole from the richRobin Hood
93.3%
Committed treason, led rebellionGeorge Washington
92.3%
Arrested 30 times in places like Birmingham, Montgomery, and AtlantaDr. Martin Luther King Jr.
90.4%
Authorized destruction of Southern infrastructure, suspended writ of habeas corpusAbraham Lincoln
89.7%
Got very lost, never found IndiesChristopher Columbus
89.6%
Broke up the BeatlesJohn Lennon
87.3%
Fraternized with prostitutes, worked on the Sabbath, overturned tables of money changersJesus Christ
85.8%
Excommunicated by Pope Leo XMartin Luther
84.4%
Led ANC's armed struggle, jailed for 27 yearsNelson Mandela
83.2%
Owned slaves at Virginia estateThomas Jefferson
77.3%
Exposed herself to massive radiation resulting in aplastic anemiaMarie Curie
76.5%
'Bad' Act(s) Person % Correct
Authored banned book, found 'vehemently suspected of heresy'Galileo Galilei
71.5%
Shot crossbow bolt at son's fruit-covered headWilliam Tell
59.8%
Used 'horizontal integration' to control oil industryJohn D. Rockefeller
54.6%
Destroyed Tyre, besieged GazaAlexander the Great
52.6%
Signed death warrant for Charles IOliver Cromwell
50.1%
Rode naked through the streets of CoventryLady Godiva
47%
Led discovery of new destructive weaponJ. Robert Oppenheimer
44%
Crossed Rubicon, started a civil warJulius Caesar
42.1%
Bought Alaska in major 'folly'William Seward
41.4%
Arrested by Louis XVI for going to AmericaMarquis de Lafayette
35.3%

You're not logged in!

Compare scores with friends on all Sporcle quizzes.
Join for Free
OR
Log In

You Might Also Like...

Show Comments

Extras

Top Quizzes Today


Score Distribution

Your Account Isn't Verified!

In order to create a playlist on Sporcle, you need to verify the email address you used during registration. Go to your Sporcle Settings to finish the process.

Report this User

Report this user for behavior that violates our Community Guidelines.

Details: